West African traditional religion (Record no. 7522)
[ view plain ]
| 000 -LEADER | |
|---|---|
| fixed length control field | 00437nam a22001697a 4500 |
| 020 ## - INTERNATIONAL STANDARD BOOK NUMBER | |
| ISBN | 9781482338 |
| 050 ## - CALL NUMBER | |
| Classification number | BL2465 |
| 245 ## - TITLE | |
| Title | West African traditional religion |
| Statement of responsibility, etc | T N O Quarcoopome |
| 260 ## - PUBLICATION INFORMATION | |
| Place of publication | Ibadan : |
| Name of publisher | African Universities Press, |
| Year of publication | 1987. |
| 300 ## - DESCRIPTION | |
| Number of Pages | VIII;500p. |
| 500 ## - NOTES | |
| General note | <br/> |
| 505 ## - FORMATTED CONTENTS NOTE | |
| Table of Content | <br/><br/> <br/> |
| 650 ## - SUBJECTS | |
| Topical Term | Africa, West -- Religion. |
| 650 ## - SUBJECTS | |
| Topical Term | Religion. |
| 650 ## - SUBJECTS | |
| Topical Term | West Africa. |
| 942 ## - ADDED ENTRY ELEMENTS (KOHA) | |
| Koha item type | Books |
| Withdrawn status | Lost status | Collection code | Home library | Current library | Shelving location | Date acquired | Full call number | Accession Number | Koha item type |
|---|---|---|---|---|---|---|---|---|---|
| Reference | Methodist University Library Main | Methodist University Library Main | General Stacks | 25/01/2021 | BL2465 | 25960 | Books |